The Wanda Maximoff Quiz! - Statistics

General Stats
  • This quiz has been taken 212 times
  • The average score is 8 of 10
Answer Stats
Question Answer % Correct
Who plays Wanda Maximoff? Elizabeth Olsen
96%
What is the name of Wanda's dead brother? Pietro Maximoff
96%
Who did Wanda fall in love with? Vision
95%
What is the series that is based around Wanda? WandaVision
93%
What is the name of the barrier that Wanda created around Westview, NJ? The Hex
89%
Wanda appeared as the villain in what movie? Doctor Strange in the Multiverse of Madness
86%
From which power source did Wanda get her powers? The Mind Stone
84%
Is Wanda currently dead? Nobody knows
77%
In which MCU movie did Wanda first appear? Captain America: The Winter Soldier
56%
How many children did Wanda have? None
4%
No matching quizzes found
Score Distribution
Percent of People with Each Score
Percentile by Number Answered
Your Score History
You have not taken this quiz